000
00336nam a2200145Ia 4500
999
_c
14286
_d
14286
003
OSt
005
20260406171135.0
008
260210s9999 xx 000 0 und d
020
_a
9789394797970
100
_a
CHARLES FABRI
245
0
_a
TEMPLE ARCHITECTURE OF ORISSA
260
_b
SHUBHI PUB 2023
260
_c
2023
942
_c
UG
_2
ddc